000 00957pam a2200265 a 4500
001 4398354
003 ARRUPE
005 20150128162100.0
008 920203s1992 nyua b 001 0 eng
010 _a 92052573
020 _a0060183004 :
_c$22.50
040 _aDLC
_cDLC
_dDLC
050 0 0 _aQP406
_b.A627 1992
082 0 0 _a612.8/2
_220
100 1 _aAlkon, Daniel L.
_914691
245 1 0 _aMemory's voice :
_bdeciphering the brain-mind code /
_cDaniel L. Alkon.
250 _a1st ed.
260 _aNew York :
_bHarperCollins Publishers,
_c1992.
300 _axviii, 285 p. :
_bill. ;
_c25 cm.
504 _aIncludes bibliographical references (p. 267-274) and index.
650 0 _aMemory.
_914692
906 _a7
_bcbc
_corignew
_d1
_eocip
_f19
_gy-gencatlg
942 _2lcc
_cMONOGRAPH
999 _c121912
_d121912